Online
Catalog

Políticas públicas para la movilidad humana y la emigración : (Record no. 59502)

MARC details
000 -CABECERA
campo de control de longitud fija 02559nam a2200373 i 4500
003 - IDENTIFICADOR DEL NÚMERO DE CONTROL
campo de control DO-SdBNP
005 - FECHA Y HORA DE LA ÚLTIMA TRANSACCIÓN
campo de control 20251015142816.0
007 - CAMPO FIJO DE DESCRIPCIÓN FÍSICA--INFORMACIÓN GENERAL
campo de control de longitud fija ta
008 - DATOS DE LONGITUD FIJA--INFORMACIÓN GENERAL
campo de control de longitud fija 250711b2025 dr ||||| |||| 00| 0 spa d
020 ## - NÚMERO INTERNACIONAL ESTÁNDAR DEL LIBRO
Número Internacional Estándar del Libro 9789945942637
040 ## - FUENTE DE LA CATALOGACIÓN
Centro catalogador/agencia de origen DO-SdBNP
Lengua de catalogación spa
Centro/agencia transcriptor BNPHU
Normas de descripción rda
041 ## - CÓDIGO DE LENGUA
Código de lengua del texto/banda sonora o título independiente spa
082 #4 - NÚMERO DE LA CLASIFICACIÓN DECIMAL DEWEY
Número de clasificación 325.217293
Número de documento/Ítem R426p
Número de edición 22
110 1# - ENTRADA PRINCIPAL--NOMBRE DE ENTIDAD CORPORATIVA
Nombre de entidad corporativa o nombre de jurisdicción como elemento de entrada República Dominicana.
Unidad subordinada Instituto de Dominicanos y Dominicanas en el Exterior
9 (RLIN) 88325
245 10 - MENCIÓN DE TÍTULO
Título Políticas públicas para la movilidad humana y la emigración :
Resto del título una mirada desde la República Dominicana /
Mención de responsabilidad, etc. Presentación, Carlos De la Mota ; introducción, Pablo Asencio García.
264 #4 - PRODUCCIÓN, PUBLICACIÓN, DISTRIBUCIÓN, FABRICACIÓN Y COPYRIGHT
Producción, publicación, distribución, fabricación y copyright Santo Domingo, República Dominicana :
Nombre del de productor, editor, distribuidor, fabricante Instituto de Dominicanos y Dominicanas en el Exterior,
Fecha de producción, publicación, distribución, fabricación o copyright ©2025
300 ## - DESCRIPCIÓN FÍSICA
Extensión 92 páginas ;
Dimensiones 23 cm.
336 ## - TIPO DE CONTENIDO
Término de tipo de contenido texto
Código de tipo de contenido txt
Fuente rdacontent
337 ## - TIPO DE MEDIO
Nombre/término del tipo de medio sin mediación
Código del tipo de medio n
Fuente rdamedia
338 ## - TIPO DE SOPORTE
Nombre/término del tipo de soporte volumen
Código del tipo de soporte nc
Fuente rdacarrier
500 ## - NOTA GENERAL
Nota general Incluye bibliografía al final de los capítulos
505 ## - NOTA DE CONTENIDO CON FORMATO
Nota de contenido con formato Presentación /
Mención de responsabilidad Carlos De la Mota --
Título Introducción /
Mención de responsabilidad Pablo Asencio García --
Título Pasado, presente y futuro de la política hacia el dominicano residente en el exterior /
Mención de responsabilidad Pablo Asencio García --
Título Comportamiento del voto en el exterior en las elecciones dominicana (2004-2024) /
Mención de responsabilidad Mario Gallego Cosme --
-- Lissa Pérez Patrocino --
Título Hacia un espacio común de educación superior para Latinoamérica, El Caribe y la Unión Europea /
Mención de responsabilidad Pablo Asencio García --
Título Retos y oportunidades para libre movilidad de las personas en el ámbito del sistema de la integración centroamericana /
Mención de responsabilidad Lissa Pérez Patrocino --
-- Bryan Vásquez --
-- Mario Gallego Cosme --
Título Nomadismo digital y República Dominicana: Desafíos y oportunidades en la era del trabajo remoto --
Mención de responsabilidad Mario Gallego Cosme --
Título Anexo 1: Fuentes de datos migratorios y sobre emigrantes radicados en los principales destinos de residencia de los dominicanos en el exterior /
Mención de responsabilidad Annabelle Patricia Tarazona Paredes --
Título 0
Mención de responsabilidad 0
590 ## - NOTA LOCAL (RLIN)
Nota local Inventariado, 2025 /LP
650 #0 - PUNTO DE ACCESO ADICIONAL DE MATERIA--TÉRMINO DE MATERIA
Término de materia o nombre geográfico como elemento de entrada Política gubernamental
9 (RLIN) 79140
Subdivisión geográfica República Dominicana
650 ## - PUNTO DE ACCESO ADICIONAL DE MATERIA--TÉRMINO DE MATERIA
Término de materia o nombre geográfico como elemento de entrada Emigración e Inmigración
Subdivisión geográfica República Dominicana
9 (RLIN) 85485
700 1# - PUNTO DE ACCESO ADICIONAL--NOMBRE DE PERSONA
Nombre de persona Asencio García, Pablo,
Término indicativo de función/relación autor
Código de función/relación aut.
9 (RLIN) 84116
700 1# - PUNTO DE ACCESO ADICIONAL--NOMBRE DE PERSONA
Nombre de persona Cosme, Mario,
Término indicativo de función/relación autor
Código de función/relación aut.
9 (RLIN) 88326
700 1# - PUNTO DE ACCESO ADICIONAL--NOMBRE DE PERSONA
Nombre de persona Pérez Patrocino, Lissa,
Término indicativo de función/relación autor
Código de función/relación aut.
9 (RLIN) 84114
700 1# - PUNTO DE ACCESO ADICIONAL--NOMBRE DE PERSONA
Nombre de persona Polanco Reynoso, Oscar,
Término indicativo de función/relación autor
Código de función/relación aut.
9 (RLIN) 88327
700 1# - PUNTO DE ACCESO ADICIONAL--NOMBRE DE PERSONA
Nombre de persona Tarazona Paredes, Annabelle Patricia,
Término indicativo de función/relación autor
Código de función/relación aut.
9 (RLIN) 88328
700 1# - PUNTO DE ACCESO ADICIONAL--NOMBRE DE PERSONA
Nombre de persona Vásquez, Bryan,
Término indicativo de función/relación autor
Código de función/relación aut.
9 (RLIN) 85489
910 ## - DATOS DE OPCIÓN DEL USUARIO (OCLC)
Datos de opción del usuario LP. Validado. Control de calidad/ MAA
942 ## - ELEMENTOS DE PUNTO DE ACCESO ADICIONAL (KOHA)
Fuente del sistema de clasificación o colocación Dewey Decimal Classification
Tipo de ítem Koha Libro
Holdings
Estado de retiro Estado de pérdida Fuente del sistema de clasificación o colocación Restricciones de uso No para préstamo Código de colección Localización permanente Ubicación/localización actual Ubicación en estantería Fecha de adquisición Fuente de adquisición Total de préstamos Signatura topográfica completa Código de barras Fecha visto por última vez Precio válido a partir de Tipo de ítem Koha Número de copia
    Dewey Decimal Classification Excluido de préstamo   Patrimonio Dominicano Biblioteca Nacional Pedro Henríquez Ureña Biblioteca Nacional Pedro Henríquez Ureña Depósito 23.05.2025 Depósito Legal   BNPHU PD 325.217293 R426p 2025-6427 11.07.2025 11.07.2025 Libro  
    Dewey Decimal Classification Excluido de préstamo   Patrimonio Dominicano Biblioteca Nacional Pedro Henríquez Ureña Biblioteca Nacional Pedro Henríquez Ureña Depósito 23.05.2025 Depósito Legal   BNPHU PD 325.217293 R426p 2025-6428 11.07.2025 11.07.2025 Libro e.2
    Dewey Decimal Classification Préstamo en sala   Dominicana de Servicio Biblioteca Nacional Pedro Henríquez Ureña Biblioteca Nacional Pedro Henríquez Ureña Depósito 23.05.2025 Depósito Legal   BNPHU DS 325.217293 R426p 2025-6429 11.07.2025 11.07.2025 Libro e.3
    Dewey Decimal Classification Préstamo en sala   Dominicana de Servicio Biblioteca Nacional Pedro Henríquez Ureña Biblioteca Nacional Pedro Henríquez Ureña Depósito 23.05.2025 Depósito Legal   BNPHU DS 325.217293 R426p 2025-6430 11.07.2025 11.07.2025 Libro e.4
    Dewey Decimal Classification Préstamo en sala   Dominicana de Servicio Biblioteca Nacional Pedro Henríquez Ureña Biblioteca Nacional Pedro Henríquez Ureña Depósito 23.05.2025 Depósito Legal   BNPHU DS 325.217293 R426p 2025-6431 11.07.2025 11.07.2025 Libro e.5

Powered by Koha